О сооружении грунтовой дороги от Трифоно-Печенгского монастыря до озера Чалмозеро в Архангельской губернии на границе с Норвегие...

RUSMARC
00006491cmc2a2200000#x 450
0011fb0728d16304f2897302c510f4eb809
00520180110174120.0
100##$a20130919l19021909k y0rusy0189 ca
1010#$arus
102##$aRU
2250#$aФонд Совет министров (1905-1917)
$hОпись № 3
$i1907 г.
327##$aВ деле также: Сказание о преподобном Трифоне, печенгском чудотворце, просветителе лопырей и об основании им обители / составил И. Ф. Корольков. Издание третье дополненное. Санкт-Петербург : типография М. И. Акинфеева и И. В. Леонтьева, 1902
324##$aПленка
801#0$aRU
$bРГИА
$c20130919
801#1$aRU
$bГлавНИВЦ
$c20130919
$2rusmarc
801#2$aRU
$bПБ им. Б.Н. Ельцина
$c20130919
$gRCR
$2rusmarc
850##$aФедеральное казенное учреждение "Российский государственный исторический архив" (РГИА)
852##$aРГИА
$j446
937##$aASBIBLIO_SCAN
$bРГИА_1276:_3:_446:
$d1223087
$hРГИА
2001#$aО сооружении грунтовой дороги от Трифоно-Печенгского монастыря до озера Чалмозеро в Архангельской губернии на границе с Норвегией. Записки архангельского губернатора И. В. Сосновского о природных богатствах Мурмана, о переселенческом движении на Мурмане и об устройстве Комь-Юшкозерской грунтовой дороги (лл. 31-42)
$j[1902-1909]
215##$a64 листа
035##$a1fb0728d16304f2897302c510f4eb809
1221#$ad1902######
$ad19071210##
$ad19091030##
$ad19091205##
$ad19091218##
251##$cДело
461#0$1001c7912e80-a322-4844-9992-beca65726c82
$12001
$aСовет министров (1905-1917)
$1251
$cФонд
$1852
$j1276
462#0$1001985cc857-077a-4fbd-972e-a2a21e99c3ab
$12001
$a1907 г.
$vД. 446
$1251
$cОпись
$1852
$j3
605##$2acquisition_Prlib
$3DITM\AF\0000003834
$aНарод
$lколлекция
605##$aТерритория
$lколлекция
$2acquisition_Prlib
$3DITM\AF\0000004675
605##$2acquisition_Prlib
$3LIBNET\UAF\0000058229
$aТерритория России: Мурманская область
$lколлекция
605##$2acquisition_Prlib
$3LIBNET\UAF\0000058230
$aМурманская область: страницы истории
$lколлекция
600#0$aТрифон Печенгский
$cсвятой
$f1495 - 1583
$2nlr_sh
$3RU\NLR\AUTH\661447597
$jДокументы и материалы
60102$aТрифоно-Печенгский монастырь
$2nlr_sh
$3RU\NLR\AUTH\661286465
$jДокументы и материалы
617##$2prlib_sh
$cМурманская область
617##$2prlib_sh
$cАрхангельская губерния
686##$a86.372.24-647ю1
$vLBC/M
$2rubbk
686##$a63.3(28-8Арх)5-2ю1
$vLBC/M
$2rubbk
6061#$aКолонизация
$jДокументы и материалы
$2prlib_sh
$3LIBNET\UAF\0000071368
$yКольский полуостров (Северо-Запад Европейской части РФ)
Формат отображения